[Event "Nikaia op 29th"]
[Site "Nikaia"]
[Date "2022.09.04"]
[Round "4"]
[White "Panopoulos, Ioannis"]
[Black "Ornithopoulos, Nikolaos"]
[Result "0-1"]
[WhiteElo "1706"]
[BlackElo "1863"]
[PlyCount "72"]
[EventDate "2022.09.01"]
[EventType "swiss"]
[EventRounds "9"]
[EventCountry "GRE"]
[SourceTitle "CBM 210 Extra"]
[Source "ChessBase"]
[SourceDate "2022.11.30"]
[SourceVersion "1"]
[SourceVersionDate "2022.11.30"]
[SourceQuality "1"]

1. e4 c5 2. Nf3 Nc6 3. Bb5 d6 4. 0-0 Bd7 5. c3 Nf6 6. Re1 e6 7. d4 Qb6 8. Ba4 Na5 9. Bxd7+ Nxd7 10. d5 e5 11. Qa4 Qc7 12. c4 b6 13. Bd2 Nb7 14. Nc3 Be7 15. Rac1 a6 16. a3 0-0 17. b4 Rfd8 18. Ne2 Nf8 19. Ng3 Qd7 20. Qc6 Rdc8 21. Qxd7 Nxd7 22. Nf5 Bf8 23. h4 cxb4 24. axb4 a5 25. bxa5 Nxa5 26. Bxa5 bxa5 27. Rc3 g6 28. Ne3 Nc5 29. Nd2 Rcb8 30. Nc2 Bh6 31. Nb1 Nxe4 32. Rxe4 Rxb1+ 33. Kh2 Bd2 34. Ra3 Rb2 35. Na1 Bb4 36. Ra4 f5 0-1

[Event "Nikaia op 29th"]
[Site "Nikaia"]
[Date "2022.09.02"]
[Round "2"]
[White "Pitsakis, Ilias"]
[Black "Ornithopoulos, Nikolaos"]
[Result "0-1"]
[WhiteElo "1411"]
[BlackElo "1863"]
[PlyCount "92"]
[EventDate "2022.09.01"]
[EventType "swiss"]
[EventRounds "9"]
[EventCountry "GRE"]
[SourceTitle "CBM 210 Extra"]
[Source "ChessBase"]
[SourceDate "2022.11.30"]
[SourceVersion "1"]
[SourceVersionDate "2022.11.30"]
[SourceQuality "1"]

1. d4 Nf6 2. Nf3 b6 3. g3 e6 4. Bg2 Bb7 5. 0-0 Be7 6. c4 0-0 7. Nc3 Ne4 8. Qc2 Nxc3 9. Qxc3 d6 10. Rd1 Nd7 11. b4 f5 12. Qe3 Kf7 13. Ne5+ Nxe5 14. dxe5 Bxg2 15. Kxg2 Qc8 16. Bb2 Qb7+ 17. f3 Rad8 18. a3 d5 19. cxd5 Rxd5 20. Qb3 Rfd8 21. Rd3 Rxd3 22. exd3 Qd5 23. Qxd5 Rxd5 24. Rd1 a5 25. Bc3 axb4 26. axb4 Rb5 27. Rc1 Ke8 28. Rc2 Kd7 29. Rb2 Kc6 30. Kf2 Kd5 31. Ke2 c5 32. bxc5 Rxb2+ 33. Bxb2 Bxc5 34. f4 b5 35. Ke1 b4 36. Ke2 Bd4 37. Bxd4 Kxd4 38. Kd2 b3 39. Kc1 Kxd3 40. Kb2 Kc4 41. Kb1 h5 42. Kb2 Kb4 43. Kc1 Kc3 44. Kb1 b2 45. h3 Kb3 46. h4 Kc3 0-1

[Event "Aegean op 44th"]
[Site "Aghios Kirykos"]
[Date "2021.07.13"]
[Round "5"]
[White "Drakonakis, Athanasios"]
[Black "Ornithopoulos, Nikolaos"]
[Result "1/2-1/2"]
[WhiteElo "1737"]
[BlackElo "1900"]
[PlyCount "82"]
[EventDate "2021.07.10"]
[EventType "swiss"]
[EventRounds "9"]
[EventCountry "GRE"]
[SourceTitle "CBM 203 Extra"]
[Source "ChessBase"]
[SourceDate "2021.09.30"]
[SourceVersion "1"]
[SourceVersionDate "2021.09.30"]
[SourceQuality "1"]

1. d4 Nf6 2. c4 b6 3. Bf4 Bb7 4. Nf3 e6 5. e3 Bb4+ 6. Nbd2 Ne4 7. Bd3 0-0 8. 0-0 Nxd2 9. Nxd2 f5 10. Nf3 Be7 11. Qc2 d6 12. e4 Nc6 13. Qd2 e5 14. d5 exf4 15. dxc6 Bxc6 16. Nd4 Bd7 17. exf5 c5 18. Ne6 Bxe6 19. fxe6 d5 20. cxd5 g6 21. Be4 Qd6 22. Rac1 Rad8 23. Qd3 Bf6 24. b4 Bd4 25. bxc5 bxc5 26. Rb1 Rb8 27. Qa3 Qe5 28. Bf3 Rxb1 29. Rxb1 Rb8 30. Rxb8+ Qxb8 31. Qb3 Qe5 32. Qd1 c4 33. Qe2 c3 34. Qxe5 Bxe5 35. Be4 Kf8 36. Kf1 Ke7 37. f3 Kd6 38. Ke2 Bf6 39. Kd3 Kc5 40. Kc2 g5 41. h3 h6 1/2-1/2

[Event "Nikaia op 25th"]
[Site "Nikaia"]
[Date "2017.09.01"]
[Round "7"]
[White "Grigoriadis, Mihail"]
[Black "Ornithopoulos, Nikolaos"]
[Result "1-0"]
[WhiteElo "2102"]
[BlackElo "1974"]
[PlyCount "99"]
[EventDate "2017.08.26"]
[EventType "swiss"]
[EventRounds "9"]
[EventCountry "GRE"]
[SourceTitle "CBM 180 Extra"]
[Source "ChessBase"]
[SourceDate "2017.10.06"]
[SourceVersion "1"]
[SourceVersionDate "2017.10.06"]
[SourceQuality "1"]

1. d4 Nf6 2. Bf4 e6 3. e3 b6 4. Nf3 Bb7 5. Nbd2 c5 6. c3 Be7 7. h3 Nc6 8. a3 0-0 9. Bd3 d5 10. h4 Bd6 11. Ne5 Qc7 12. Ndf3 Ne4 13. Bxe4 dxe4 14. Ng5 Bxe5 15. dxe5 Nxe5 16. Qh5 h6 17. 0-0-0 Nd3+ 18. Rxd3 e5 19. Ne6 Qc6 20. Rd2 Qxe6 21. Qxe5 Qxe5 22. Bxe5 f6 23. Bd6 Rf7 24. c4 Rc8 25. b3 Bc6 26. Rhd1 Rd7 27. Kb2 Kf7 28. Bg3 Rxd2+ 29. Rxd2 h5 30. Bf4 Ke7 31. b4 cxb4 32. axb4 Rd8 33. Rxd8 Kxd8 34. b5 Bb7 35. Bd6 Kd7 36. Bf8 g6 37. Kc3 a6 38. Kd4 axb5 39. cxb5 Ke6 40. Bb4 Bc8 41. Bc3 Bd7 42. Kc4 g5 43. hxg5 fxg5 44. Bd4 h4 45. Bxb6 g4 46. Bc7 h3 47. gxh3 gxh3 48. Kc5 Bc8 49. Kb6 Kd5 50. Ka7 1-0

[Event "Nikaia op 23rd"]
[Site "Nikaia"]
[Date "2015.08.31"]
[Round "5"]
[White "Delithanasis, Dimitrios"]
[Black "Ornithopoulos, Nikolaos"]
[Result "1-0"]
[WhiteElo "2105"]
[BlackElo "1980"]
[PlyCount "45"]
[EventDate "2015.08.26"]
[EventType "swiss"]
[EventRounds "9"]
[EventCountry "GRE"]
[SourceTitle "EXT 2016"]
[Source "ChessBase"]
[SourceDate "2015.10.08"]
[SourceVersion "1"]
[SourceVersionDate "2015.10.08"]
[SourceQuality "1"]

1. Nf3 d5 2. c4 e6 3. e3 Nf6 4. b3 Nbd7 5. Bb2 Be7 6. d4 0-0 7. Nc3 c6 8. cxd5 exd5 9. Bd3 Bd6 10. Qc2 Re8 11. 0-0-0 Nf8 12. h3 Bd7 13. Kb1 a5 14. g4 Qe7 15. Ne5 b5 16. f4 b4 17. Na4 Bxe5 18. dxe5 Ne4 19. f5 c5 20. Nb6 Bc6 21. Nxa8 Rxa8 22. Bxe4 dxe4 23. Rd6 1-0

[Event "Nikaia op 22nd"]
[Site "Nikaia"]
[Date "2014.08.30"]
[Round "6"]
[White "Tsiros, Fragkiskos Vlasios"]
[Black "Ornithopoulos, Nikolaos"]
[Result "1/2-1/2"]
[WhiteElo "2108"]
[BlackElo "1960"]
[PlyCount "51"]
[EventDate "2014.08.26"]
[EventType "swiss"]
[EventRounds "9"]
[EventCountry "GRE"]
[SourceTitle "CBM 162 Extra"]
[Source "ChessBase"]
[SourceDate "2014.10.17"]
[SourceVersion "1"]
[SourceVersionDate "2014.10.17"]
[SourceQuality "1"]

1. e4 c5 2. Nf3 Nc6 3. Bb5 g6 4. Bxc6 bxc6 5. 0-0 Bg7 6. Re1 e5 7. c3 Ne7 8. d3 0-0 9. Be3 d6 10. h3 Rb8 11. d4 exd4 12. cxd4 d5 13. Nc3 Rxb2 14. exd5 Nxd5 15. Nxd5 Qxd5 16. dxc5 Qxd1 17. Raxd1 Be6 18. Bd4 Rxa2 19. Bxg7 Kxg7 20. Ra1 Rb8 21. Nd4 Rxa1 22. Rxa1 Bd5 23. Ra6 Rb1+ 24. Kh2 Rc1 25. Nxc6 Rxc5 26. Nb4 1/2-1/2

[Event "Nikaia op 22nd"]
[Site "Nikaia"]
[Date "2014.08.28"]
[Round "3"]
[White "Ornithopoulos, Nikolaos"]
[Black "Markantonaki, Haritomeni"]
[Result "0-1"]
[WhiteElo "1960"]
[BlackElo "2180"]
[PlyCount "78"]
[EventDate "2014.08.26"]
[EventType "swiss"]
[EventRounds "9"]
[EventCountry "GRE"]
[SourceTitle "CBM 162 Extra"]
[Source "ChessBase"]
[SourceDate "2014.10.17"]
[SourceVersion "1"]
[SourceVersionDate "2014.10.17"]
[SourceQuality "1"]

1. e4 c5 2. Nf3 e6 3. d4 cxd4 4. Nxd4 Nc6 5. c4 Nf6 6. Nxc6 bxc6 7. e5 Qa5+ 8. Nc3 Qxe5+ 9. Be2 Bb4 10. Bd2 0-0 11. 0-0 Qc7 12. Bd3 Be7 13. Rb1 e5 14. f4 Bd6 15. g4 Qb6+ 16. Kg2 c5 17. g5 Bb7+ 18. Kg1 Qc6 19. Nd5 Nxd5 20. Be4 Qb6 21. cxd5 c4+ 22. Kg2 Qd4 23. Bf3 exf4 24. Bc3 Qxd1 25. Rbxd1 Rfe8 26. Rfe1 Bc5 27. Re4 Rxe4 28. Bxe4 Re8 29. Kf3 Bd6 30. Bd4 a5 31. Rc1 Ba6 32. a3 Rb8 33. Bf5 Rb5 34. Re1 Rxd5 35. Re8+ Bf8 36. Ke4 Bb7 37. Bxh7+ Kxh7 38. Rxf8 Kg6 39. Be5 f3 0-1

[Event "Nikaia Fysiolatriko op 12th"]
[Site "Nikaia"]
[Date "2014.06.19"]
[Round "1"]
[White "Savitskiy, Sergey"]
[Black "Ornithopoulos, Nikolaos"]
[Result "1-0"]
[WhiteElo "2343"]
[BlackElo "1940"]
[PlyCount "87"]
[EventDate "2014.06.19"]
[EventType "swiss"]
[EventRounds "9"]
[EventCountry "GRE"]
[SourceTitle "EXT 2016"]
[Source "ChessBase"]
[SourceDate "2015.10.08"]
[SourceVersion "1"]
[SourceVersionDate "2015.10.08"]
[SourceQuality "1"]

1. d4 Nf6 2. Nf3 b6 3. c4 e6 4. a3 Bb7 5. Nc3 d5 6. Bg5 Be7 7. e3 Nbd7 8. Qc2 0-0 9. Rd1 h6 10. Bh4 Rc8 11. Be2 Ne4 12. Bxe7 Qxe7 13. Nxe4 dxe4 14. Nd2 e5 15. d5 f5 16. b4 c6 17. d6 Qg5 18. g3 c5 19. Qa4 Rcd8 20. Nb3 f4 21. bxc5 bxc5 22. Qb5 Ba8 23. h4 Qf5 24. Rh2 fxg3 25. fxg3 Qg6 26. g4 Rb8 27. Qxd7 Rxb3 28. Qe7 Qf6 29. Qxf6 gxf6 30. g5 f5 31. d7 Rd8 32. Rf2 Bc6 33. Rxf5 Rxd7 34. Rxd7 Bxd7 35. Rxe5 hxg5 36. Rxg5+ Kf8 37. h5 Rxe3 38. h6 Rh3 39. Bh5 Rh1+ 40. Kf2 e3+ 41. Kxe3 Re1+ 42. Kf4 Re7 43. Rxc5 Re6 44. Rf5+ 1-0

[Event "Nikaia op-A 20th"]
[Site "Nikea"]
[Date "2012.08.28"]
[Round "4.24"]
[White "Ragios, Konstantinos"]
[Black "Ornithopoulos, Nikolaos"]
[Result "0-1"]
[WhiteElo "1766"]
[BlackElo "1972"]
[PlyCount "58"]
[EventDate "2012.08.26"]
[EventType "swiss"]
[EventRounds "9"]
[EventCountry "GRE"]
[SourceTitle "EXT 2024"]
[Source "ChessBase"]
[SourceDate "2023.10.10"]
[SourceVersion "1"]
[SourceVersionDate "2023.10.10"]
[SourceQuality "1"]

1. e4 c5 2. Nf3 Nc6 3. d4 cxd4 4. Nxd4 Nf6 5. Nc3 g6 6. Be3 Bg7 7. Be2 0-0 8. 0-0 d5 9. exd5 Nb4 10. Qd2 Nbxd5 11. Nxd5 Nxd5 12. Bh6 e5 13. Bxg7 Kxg7 14. Nf3 Nf4 15. Qxd8 Nxe2+ 16. Kh1 Rxd8 17. Rfe1 Nd4 18. Nxd4 exd4 19. Rac1 Be6 20. b3 Rac8 21. Red1 d3 22. cxd3 Rxd3 23. Kg1 Rxd1+ 24. Rxd1 Rc2 25. Ra1 a5 26. h3 h5 27. Kf1 b5 28. Kg1 b4 29. Kf1 a4 0-1

[Event "Aegean op 34th"]
[Site "Aghios Kirykos"]
[Date "2011.07.12"]
[Round "5"]
[White "Pagali, Marianna"]
[Black "Ornithopoulos, Nikolaos"]
[Result "1/2-1/2"]
[WhiteElo "1842"]
[BlackElo "2096"]
[PlyCount "71"]
[EventDate "2011.07.09"]
[EventType "swiss"]
[EventRounds "9"]
[EventCountry "GRE"]
[SourceTitle "CBM 143 Extra"]
[Source "ChessBase"]
[SourceDate "2011.08.29"]
[SourceVersion "1"]
[SourceVersionDate "2011.08.29"]
[SourceQuality "1"]

1. d4 Nf6 2. c4 e5 3. dxe5 Ng4 4. Bf4 Bb4+ 5. Nd2 Qe7 6. Ngf3 Nc6 7. e3 Ngxe5 8. Be2 d6 9. a3 Bxd2+ 10. Qxd2 Be6 11. Rc1 Ng6 12. Bg3 0-0 13. 0-0 h5 14. h3 h4 15. Bh2 Rae8 16. b4 b6 17. Rfe1 Qf6 18. c5 dxc5 19. bxc5 Rd8 20. Qc3 bxc5 21. Qxf6 gxf6 22. Rxc5 Nce5 23. Nxe5 Nxe5 24. Bxe5 fxe5 25. Rxe5 Kg7 26. Re4 Rh8 27. Bc4 Rd6 28. Bxe6 Rxe6 29. Rc4 Ra6 30. a4 Rh5 31. Rd1 c5 32. Rg4+ Kf6 33. Rc1 Rc6 34. Rf4+ Ke6 35. Kf1 f6 36. Ke2 1/2-1/2

[Event "Nikaia Fysiolatriko op 09th"]
[Site "Nikaia"]
[Date "2011.06.21"]
[Round "7"]
[White "Ornithopoulos, Nikolaos"]
[Black "Mihopoulos, Konstantinos"]
[Result "0-1"]
[WhiteElo "2096"]
[BlackElo "1968"]
[PlyCount "54"]
[EventDate "2011.06.16"]
[EventType "swiss"]
[EventRounds "9"]
[EventCountry "GRE"]
[SourceTitle "CBM 143 Extra"]
[Source "ChessBase"]
[SourceDate "2011.08.29"]
[SourceVersion "1"]
[SourceVersionDate "2011.08.29"]
[SourceQuality "1"]

1. d4 Nf6 2. Nf3 g6 3. Bf4 Bg7 4. e3 0-0 5. Be2 d6 6. 0-0 b6 7. c4 c5 8. Nc3 cxd4 9. exd4 Nbd7 10. Qd2 Bb7 11. Bh6 d5 12. Bxg7 Kxg7 13. b3 Ne4 14. Nxe4 dxe4 15. Ng5 h6 16. Nh3 Nf6 17. Rad1 Qd6 18. f3 a5 19. Nf2 exf3 20. Bxf3 Bxf3 21. gxf3 a4 22. b4 Qc6 23. Qe2 b5 24. c5 Nd5 25. Nd3 Nc3 26. Qe5+ f6 27. Qg3 Ne2+ 0-1

[Event "Nikaia Fysiolatriko op 09th"]
[Site "Nikaia"]
[Date "2011.06.20"]
[Round "6"]
[White "Nemtsas, Hristoforos"]
[Black "Ornithopoulos, Nikolaos"]
[Result "0-1"]
[WhiteElo "1866"]
[BlackElo "2096"]
[PlyCount "124"]
[EventDate "2011.06.16"]
[EventType "swiss"]
[EventRounds "9"]
[EventCountry "GRE"]
[SourceTitle "CBM 143 Extra"]
[Source "ChessBase"]
[SourceDate "2011.08.29"]
[SourceVersion "1"]
[SourceVersionDate "2011.08.29"]
[SourceQuality "1"]

1. d4 Nf6 2. c4 e5 3. dxe5 Ng4 4. e3 Nxe5 5. Nh3 Nbc6 6. a3 a5 7. Nc3 Ng6 8. Nd5 Bc5 9. Bd2 d6 10. b4 Bb6 11. Bc3 0-0 12. Qh5 Bxh3 13. Nxb6 cxb6 14. gxh3 axb4 15. axb4 Rxa1+ 16. Bxa1 Nxb4 17. Qd1 Qa8 18. Bd4 Qa5 19. Bc3 Qa3 20. Qd2 Nc6 21. Rg1 Nce5 22. Be2 Re8 23. Qb2 Qxb2 24. Bxb2 Rc8 25. h4 Nxc4 26. Bd4 Nce5 27. Rg3 f6 28. h5 Ne7 29. f4 Nc4 30. Bd3 Kf7 31. Bxh7 Rh8 32. Bg6+ Nxg6 33. hxg6+ Ke6 34. Rg2 d5 35. Ke2 Kf5 36. Kd3 b5 37. Bc3 b6 38. Bb4 Rh6 39. Kd4 Rxg6 40. Rxg6 Kxg6 41. Be1 f5 42. Kd3 Kf7 43. Bc3 g6 44. Bd4 b4 45. Kc2 Ke6 46. h4 Kd6 47. Kb3 Kc6 48. Kxb4 Nd6 49. Be5 Ne4 50. Bg7 Nc5 51. Bd4 Ne6 52. Be5 d4 53. exd4 Kd5 54. Kc3 b5 55. Kd3 b4 56. Bb8 Nxd4 57. Ba7 Ne6 58. Be3 Nc5+ 59. Kc2 Kc4 60. Bc1 b3+ 61. Kd2 Nd3 62. Ba3 Nxf4 0-1

[Event "Nikaia op 18th"]
[Site "Nikaia"]
[Date "2010.08.26"]
[Round "8"]
[White "Ornithopoulos, Nikolaos"]
[Black "Ismail, Shereif"]
[Result "0-1"]
[WhiteElo "2080"]
[BlackElo "2234"]
[PlyCount "43"]
[EventDate "2010.08.20"]
[EventType "swiss"]
[EventRounds "9"]
[EventCountry "GRE"]
[SourceTitle "CBM 138 Extra"]
[Source "ChessBase"]
[SourceDate "2010.10.29"]
[SourceVersion "1"]
[SourceVersionDate "2010.10.29"]
[SourceQuality "1"]

1. d4 c5 2. dxc5 e6 3. Nc3 Bxc5 4. Ne4 d5 5. Nxc5 Qa5+ 6. c3 Qxc5 7. Qd4 Qxd4 8. cxd4 Nc6 9. Nf3 b6 10. Bd2 Ba6 11. e3 Bxf1 12. Kxf1 Nge7 13. Ke2 Kd7 14. Rhc1 Rhc8 15. Rc2 f6 16. Rac1 Nf5 17. g4 Nd6 18. b3 Rc7 19. g5 Rac8 20. gxf6 gxf6 21. Ne1 Nf5 22. Nf3 0-1

[Event "Nikaia op 18th"]
[Site "Nikaia"]
[Date "2010.08.24"]
[Round "6"]
[White "Tzounakas, Vasilios"]
[Black "Ornithopoulos, Nikolaos"]
[Result "0-1"]
[WhiteElo "1887"]
[BlackElo "2080"]
[PlyCount "114"]
[EventDate "2010.08.20"]
[EventType "swiss"]
[EventRounds "9"]
[EventCountry "GRE"]
[SourceTitle "CBM 138 Extra"]
[Source "ChessBase"]
[SourceDate "2010.10.29"]
[SourceVersion "1"]
[SourceVersionDate "2010.10.29"]
[SourceQuality "1"]

1. e4 d5 2. exd5 Qxd5 3. Nc3 Qd6 4. d4 Nf6 5. Nf3 a6 6. Bc4 Bg4 7. 0-0 e6 8. Re1 Be7 9. Bg5 Nbd7 10. Qd3 Bf5 11. Qe2 Nb6 12. Bd3 Bxd3 13. Qxd3 0-0-0 14. Ne2 Nfd5 15. Bxe7 Nxe7 16. c4 c5 17. Qc3 cxd4 18. Nexd4 Qc7 19. Rac1 Kb8 20. b4 Rc8 21. c5 Nd7 22. a4 e5 23. Nb3 f6 24. Red1 Nb6 25. Qa1 Nbd5 26. b5 Rhd8 27. Rb1 Ka8 28. c6 bxc6 29. Nc5 a5 30. Na6 Qb6 31. Rdc1 c5 32. Nd2 Rd7 33. Nc4 Qd8 34. Qb2 Nb4 35. Qe2 Rd4 36. Rd1 Ned5 37. Rxd4 cxd4 38. Rc1 d3 39. Qd2 Ka7 40. Nxb4 Nxb4 41. Nb2 Rxc1+ 42. Qxc1 d2 43. b6+ Kb7 44. Qc7+ Qxc7 45. bxc7 Kxc7 46. Kf1 Nd3 47. Nd1 Nc5 48. Ke2 Nxa4 49. Kxd2 Kc6 50. Ne3 Kc5 51. Kd3 Nb6 52. Nf5 g6 53. Ng3 f5 54. Ne2 Nd5 55. g3 a4 56. Nc1 e4+ 57. Kc2 Kc4 0-1

[Event "Nikaia op 18th"]
[Site "Nikaia"]
[Date "2010.08.22"]
[Round "4"]
[White "Alexopoulos, Alexios"]
[Black "Ornithopoulos, Nikolaos"]
[Result "0-1"]
[WhiteElo "1862"]
[BlackElo "2080"]
[PlyCount "144"]
[EventDate "2010.08.20"]
[EventType "swiss"]
[EventRounds "9"]
[EventCountry "GRE"]
[SourceTitle "CBM 138 Extra"]
[Source "ChessBase"]
[SourceDate "2010.10.29"]
[SourceVersion "1"]
[SourceVersionDate "2010.10.29"]
[SourceQuality "1"]

1. e4 c5 2. Nf3 Nc6 3. Bb5 g6 4. Nc3 Bg7 5. Bxc6 bxc6 6. d3 Nf6 7. h3 0-0 8. Be3 Rb8 9. Rb1 Qa5 10. Bd2 Qc7 11. 0-0 d5 12. Qc1 Re8 13. Re1 e5 14. Bh6 Be6 15. Bxg7 Kxg7 16. Qg5 Nd7 17. b3 f6 18. Qg3 Qa5 19. Ne2 c4 20. exd5 cxd5 21. dxc4 dxc4 22. bxc4 Bxc4 23. Rxb8 Rxb8 24. Qg4 Nb6 25. Nc1 Rd8 26. Qh4 Rd4 27. Qg3 Rd7 28. Nb3 Qd5 29. Kh2 Nc8 30. h4 h5 31. Nfd2 Bxb3 32. Nxb3 Ne7 33. Qc3 Nf5 34. g3 Qd6 35. Re4 Qb6 36. Kg2 Nd6 37. Rb4 Qc7 38. Nc5 Qc6+ 39. Kh2 Kh7 40. Ne4 Qxc3 41. Nxc3 Rc7 42. Rb3 Nf5 43. Kg2 Rd7 44. Ne4 Kg7 45. c3 Ne7 46. Nc5 Rd5 47. Ne4 Ra5 48. a3 Kf7 49. c4 Ke6 50. Nc3 Rc5 51. Rb4 f5 52. Nb5 a6 53. Na7 f4 54. Kf3 fxg3 55. fxg3 Kf5 56. Rb7 Nc6 57. Nxc6 Rxc6 58. Rb4 a5 59. Ra4 Rc5 60. Ke3 Kg4 61. Kf2 e4 62. Ke3 Kxg3 63. Kxe4 Kxh4 64. Kd4 Rf5 65. Ke3 Kg3 66. c5 Rxc5 67. Kd4 Rf5 68. Ke3 h4 69. Rc4 h3 70. Ke2 h2 71. Rc6 Rg5 72. Rc3+ Kg2 0-1

[Event "Paleochora op 3rd"]
[Site "Paleochora"]
[Date "2010.07.28"]
[Round "8"]
[White "Ornithopoulos, Nikolaos"]
[Black "Mamedjarova, Turkan"]
[Result "0-1"]
[WhiteElo "2080"]
[BlackElo "2280"]
[PlyCount "64"]
[EventDate "2010.07.22"]
[EventType "swiss"]
[EventRounds "9"]
[EventCountry "GRE"]
[SourceTitle "CBM 137 Extra"]
[Source "ChessBase"]
[SourceDate "2010.09.01"]
[SourceVersion "1"]
[SourceVersionDate "2010.09.01"]
[SourceQuality "1"]

1. d4 f5 2. h3 Nf6 3. g4 e6 4. Nc3 Bb4 5. Bg2 0-0 6. Qd3 d5 7. Bd2 Ne4 8. gxf5 exf5 9. Nxe4 fxe4 10. Qe3 Bxd2+ 11. Kxd2 Nc6 12. c3 Ne7 13. h4 Nf5 14. Qg5 Qd6 15. Nh3 h6 16. Qf4 Qb6 17. Rab1 Nxd4 18. Qe5 Ne6 19. Kc2 Rf5 20. Qg3 Bd7 21. Rbd1 Bb5 22. Rhe1 Qa6 23. Qg4 Qxa2 24. Rb1 Rf6 25. f3 Ba4+ 26. Kd2 d4 27. Qxe4 Rd8 28. Rec1 dxc3+ 29. Ke3 Nd4 30. Nf4 Re8 31. Kxd4 Rxe4+ 32. Kxe4 Qc4+ 0-1

[Event "Nikaia Fysiolatriko op 08th"]
[Site "Nikaia"]
[Date "2010.06.19"]
[Round "3"]
[White "Ornithopoulos, Nikolaos"]
[Black "Kokolias, Konstantinos"]
[Result "0-1"]
[WhiteElo "2066"]
[BlackElo "2250"]
[PlyCount "74"]
[EventDate "2010.06.17"]
[EventType "swiss"]
[EventRounds "9"]
[EventCountry "GRE"]
[SourceTitle "EXT 2011"]
[Source "ChessBase"]
[SourceDate "2010.11.26"]
[SourceVersion "1"]
[SourceVersionDate "2010.11.26"]
[SourceQuality "1"]

1. e4 e6 2. d4 d5 3. exd5 exd5 4. Bd3 c5 5. Qe2+ Be7 6. dxc5 Nf6 7. c3 0-0 8. Nf3 Bxc5 9. 0-0 Bg4 10. Bg5 Nc6 11. Nbd2 Re8 12. Qd1 Bb6 13. Qa4 d4 14. Rad1 Ne5 15. Be4 d3 16. Bxb7 Rb8 17. Rde1 Rxb7 18. Bxf6 gxf6 19. Rxe5 fxe5 20. Qxg4+ Kh8 21. Re1 e4 22. Rxe4 Rxe4 23. Nxe4 Re7 24. Nfd2 Re5 25. Qf4 Qe7 26. g4 Bc7 27. Qf3 Rd5 28. c4 Rd4 29. b4 Qe5 30. Ng3 Qe1+ 31. Ngf1 Rf4 32. Qa8+ Kg7 33. Qg2 Be5 34. Nf3 Rxf3 35. Qxf3 d2 36. Qe3 d1Q 37. Qg5+ Kh8 0-1

[Event "Thessaloniki op"]
[Site "Thessaloniki"]
[Date "2010.04.10"]
[Round "8"]
[White "Kanakaris, Georgios"]
[Black "Ornithopoulos, Nikolaos"]
[Result "1-0"]
[WhiteElo "2327"]
[BlackElo "2066"]
[PlyCount "79"]
[EventDate "2010.04.04"]
[EventType "swiss"]
[EventRounds "9"]
[EventCountry "GRE"]
[SourceTitle "CBM 135 Extra"]
[Source "ChessBase"]
[SourceDate "2010.05.04"]
[SourceVersion "1"]
[SourceVersionDate "2010.05.04"]
[SourceQuality "1"]

1. d4 Nf6 2. c4 c5 3. d5 e5 4. Nc3 d6 5. e4 Be7 6. Nge2 0-0 7. Ng3 Ne8 8. h4 Na6 9. Be3 Nac7 10. Bd3 a6 11. a4 b6 12. Nf5 g6 13. Nxe7+ Qxe7 14. h5 Bd7 15. Qf3 Ng7 16. hxg6 fxg6 17. Qg3 Rf7 18. Rh6 Qf8 19. Kd2 Nge8 20. Rah1 Rg7 21. R6h4 Nf6 22. Bh6 Nh5 23. Qe3 Ne8 24. Bxg7 Qxg7 25. Be2 Nef6 26. Bxh5 Nxh5 27. g4 Nf4 28. Rxh7 Qxh7 29. Rxh7 Kxh7 30. Ne2 Rf8 31. Nxf4 Rxf4 32. f3 Bxa4 33. Ke2 Bc2 34. Qc3 Bxe4 35. fxe4 Rxe4+ 36. Kf3 Rf4+ 37. Kg3 b5 38. cxb5 axb5 39. Qa5 Kh6 40. Qd8 1-0